[Event "Muensterland Regionalliga 2526"]
[Site "Germany"]
[Date "2026.03.07"]
[Round "7"]
[Board "8"]
[White "Raue, Thorsten"]
[Black "Spyrou, Elias"]
[Result "1-0"]
[WhiteElo "1693"]
[BlackElo "1775"]
[WhiteFideId "-1"]
[BlackFideId "-1"]
[PlyCount "99"]
[GameId "2290172160467276"]
[EventDate "2025.??.??"]
[EventType "team-tourn"]
[EventRounds "9"]
[EventCountry "GER"]
[SourceTitle "Verband Muensterland"]
[SourceDate "2025.09.21"]
[SourceVersion "1"]
[SourceVersionDate "2025.09.21"]
[SourceQuality "1"]
[WhiteTeam "Steinfurt"]
[BlackTeam "Raesfeld Erle II"]
[WhiteTeamCountry "GER"]
[BlackTeamCountry "GER"]

1. b4 d5 2. Bb2 Nf6 3. e3 g6 4. Nf3 Bg7 5. c4 c6 6. a4 O-O 7. d4 Bg4 8. Nbd2 Ne4 9. Be2 Nxd2 10. Nxd2 Bxe2 11. Qxe2 Nd7 12. cxd5 cxd5 13. O-O Nf6 14. Rfc1 e6 15. Nb3 Ne4 16. Nc5 Nd6 17. b5 b6 18. Na6 Nc4 19. Nb4 Qg5 20. Nc6 f5 21. a5 Rfc8 22. Ba3 Nxa3 23. Rxa3 Bxd4 24. h4 Rxc6 25. bxc6 Qe7 26. Ra2 Bc5 27. axb6 Bxb6 28. Qa6 Rb8 29. c7 Bxc7 30. Qxa7 Bd6 31. Qxe7 Bxe7 32. g3 Kf7 33. Ra6 Re8 34. Rcc6 Bb4 35. Ra7+ Be7 36. Rcc7 h5 37. Kg2 Kf6 38. Kf3 Kf7 39. Rd7 Kf6 40. Kf4 e5+ 41. Kf3 Ke6 42. Rdb7 e4+ 43. Kg2 Bf8 44. Ra6+ Bd6 45. Rg7 Ke5 46. Rxg6 Bf8 47. Rg5 Re6 48. Rxe6+ Kxe6 49. Rxh5 Kf6 50. Kh3 1-0

[Event "Muensterland Regionalliga 2526"]
[Site "Germany"]
[Date "2026.03.07"]
[Round "7"]
[Board "2"]
[White "Koch, Alexander"]
[Black "Rosing, Hermann"]
[Result "1/2-1/2"]
[WhiteElo "2006"]
[BlackElo "1982"]
[WhiteFideId "-1"]
[BlackFideId "-1"]
[PlyCount "37"]
[GameId "2290172189508051"]
[EventDate "2025.??.??"]
[EventType "team-tourn"]
[EventRounds "9"]
[EventCountry "GER"]
[SourceTitle "Verband Muensterland"]
[SourceDate "2025.09.21"]
[SourceVersion "1"]
[SourceVersionDate "2025.09.21"]
[SourceQuality "1"]
[WhiteTeam "Metelen"]
[BlackTeam "Ahaus Wessum"]
[WhiteTeamCountry "GER"]
[BlackTeamCountry "GER"]

1. e4 e5 2. Nf3 Nc6 3. Bc4 Nf6 4. d3 Bc5 5. Nc3 h6 6. Nd5 d6 7. Be3 Bxe3 8. Nxe3 O-O 9. h3 Be6 10. Qd2 d5 11. exd5 Nxd5 12. Nxd5 Bxd5 13. Bxd5 Qxd5 14. O-O Rad8 15. Rfe1 Rfe8 16. Qc3 Re6 17. Re3 Rde8 18. Rae1 e4 19. dxe4 1/2-1/2

[Event "Muensterland Regionalliga 2526"]
[Site "Germany"]
[Date "2026.03.07"]
[Round "7"]
[Board "3"]
[White "Parameswaran, Vithushan"]
[Black "Wigger, Frank"]
[Result "1-0"]
[WhiteElo "1895"]
[BlackElo "1911"]
[WhiteFideId "-1"]
[BlackFideId "-1"]
[PlyCount "45"]
[GameId "2286486719414353"]
[EventDate "2025.??.??"]
[EventType "team-tourn"]
[EventRounds "9"]
[EventCountry "GER"]
[SourceTitle "Verband Muensterland"]
[SourceDate "2025.09.21"]
[SourceVersion "1"]
[SourceVersionDate "2025.09.21"]
[SourceQuality "1"]
[WhiteTeam "Ahaus Wessum"]
[BlackTeam "Metelen"]
[WhiteTeamCountry "GER"]
[BlackTeamCountry "GER"]

1. e4 e5 2. Nf3 Nc6 3. Bb5 f5 4. d4 fxe4 5. Nxe5 Nxe5 6. dxe5 c6 7. Nc3 cxb5 8. Nxe4 d5 9. exd6 Nf6 10. Bg5 Qa5+ 11. Nc3 b4 12. Bxf6 bxc3 13. Bxc3 Qf5 14. O-O Be6 15. d7+ Bxd7 16. Re1+ Be7 17. Qd4 Qg5 18. Re5 Qg6 19. Rae1 O-O-O 20. Rxe7 Bc6 21. Qxg7 Qxc2 22. Qe5 Rd7 23. Qxh8+ 1-0

[Event "Muensterland Regionalliga 2526"]
[Site "Germany"]
[Date "2026.03.07"]
[Round "7"]
[Board "4"]
[White "Denkler, Juergen"]
[Black "Ciobotaru, Andrei Rares"]
[Result "1/2-1/2"]
[WhiteElo "1784"]
[BlackElo "1703"]
[WhiteFideId "-1"]
[BlackFideId "-1"]
[PlyCount "91"]
[GameId "2286491105173599"]
[EventDate "2025.??.??"]
[EventType "team-tourn"]
[EventRounds "9"]
[EventCountry "GER"]
[SourceTitle "Verband Muensterland"]
[SourceDate "2025.09.21"]
[SourceVersion "1"]
[SourceVersionDate "2025.09.21"]
[SourceQuality "1"]
[WhiteTeam "Metelen"]
[BlackTeam "Ahaus Wessum"]
[WhiteTeamCountry "GER"]
[BlackTeamCountry "GER"]

1. d4 Nf6 2. c4 g6 3. Nc3 Bg7 4. e4 d6 5. Nf3 O-O 6. Be2 e5 7. d5 Nbd7 8. O-O Nc5 9. Qc2 a5 10. h3 Nfd7 11. Be3 f5 12. exf5 gxf5 13. Rae1 Qf6 14. Nb5 c6 15. Nc3 e4 16. Nh2 f4 17. Bxc5 Nxc5 18. Bg4 Qg6 19. Nxe4 Bxg4 20. hxg4 Rae8 21. f3 Bd4+ 22. Kh1 Be3 23. Qc3 Nxe4 24. fxe4 Qxe4 25. dxc6 bxc6 26. Rf3 Bd4 27. Rxe4 Bxc3 28. Rxe8 Rxe8 29. bxc3 Re4 30. Rf2 Rxc4 31. Rc2 d5 32. Nf3 c5 33. Kg1 d4 34. Ne5 Rxc3 35. Rxc3 dxc3 36. Nd3 c2 37. Kf2 Kf7 38. Kf3 Ke6 39. Nxc5+ Kd5 40. Nd3 Kc4 41. Ke2 Kc3 42. g5 a4 43. Nc1 Kb2 44. Kd2 a3 45. Nd3+ Kb1 46. Nc1 1/2-1/2

[Event "Muensterland Regionalliga 2526"]
[Site "Germany"]
[Date "2026.03.07"]
[Round "7"]
[Board "5"]
[White "Terdues, Guido"]
[Black "Morrien, Rolf"]
[Result "1/2-1/2"]
[WhiteElo "1722"]
[BlackElo "1715"]
[WhiteFideId "-1"]
[BlackFideId "-1"]
[PlyCount "34"]
[GameId "2286498393845865"]
[EventDate "2025.??.??"]
[EventType "team-tourn"]
[EventRounds "9"]
[EventCountry "GER"]
[SourceTitle "Verband Muensterland"]
[SourceDate "2025.09.21"]
[SourceVersion "1"]
[SourceVersionDate "2025.09.21"]
[SourceQuality "1"]
[WhiteTeam "Ahaus Wessum"]
[BlackTeam "Metelen"]
[WhiteTeamCountry "GER"]
[BlackTeamCountry "GER"]

1. f4 g6 2. Nf3 Bg7 3. e3 d6 4. d4 Nd7 5. Bc4 Nh6 6. O-O O-O 7. Nbd2 e5 8. c3 Qe7 9. fxe5 dxe5 10. e4 Kh8 11. Qe1 a6 12. a4 exd4 13. cxd4 c5 14. b3 b6 15. Ba3 Bb7 16. Qe2 Rfe8 17. Rae1 Qd8 1/2-1/2

[Event "Muensterland Regionalliga 2526"]
[Site "Germany"]
[Date "2026.03.07"]
[Round "7"]
[Board "6"]
[White "Bueckers, Bernhard"]
[Black "Woltering, Martin"]
[Result "1/2-1/2"]
[WhiteElo "1698"]
[BlackElo "1754"]
[WhiteFideId "-1"]
[BlackFideId "-1"]
[PlyCount "79"]
[GameId "2286500399292529"]
[EventDate "2025.??.??"]
[EventType "team-tourn"]
[EventRounds "9"]
[EventCountry "GER"]
[SourceTitle "Verband Muensterland"]
[SourceDate "2025.09.21"]
[SourceVersion "1"]
[SourceVersionDate "2025.09.21"]
[SourceQuality "1"]
[WhiteTeam "Metelen"]
[BlackTeam "Ahaus Wessum"]
[WhiteTeamCountry "GER"]
[BlackTeamCountry "GER"]

1. c4 e6 2. g3 f5 3. Bg2 Nf6 4. Nc3 c6 5. b3 d5 6. e3 Be7 7. Nf3 Nbd7 8. Bb2 O-O 9. O-O Ne4 10. d3 Nxc3 11. Bxc3 Bf6 12. Qc2 Qe7 13. Rac1 dxc4 14. bxc4 e5 15. Qb2 Re8 16. Rfd1 Nb6 17. Qc2 Bd7 18. Bb2 Rad8 19. c5 Nd5 20. e4 Nc7 21. d4 exd4 22. exf5 d3 23. Qb3+ Nd5 24. Re1 Qf7 25. Bxf6 Qxf6 26. Qxd3 Bxf5 27. Qb3 Bc8 28. Qc4 Kf8 29. Nd2 Rxe1+ 30. Rxe1 Ne3 31. Qc1 Nxg2 32. Kxg2 Qd4 33. Ne4 Qd5 34. Qf4+ Kg8 35. h4 Bf5 36. g4 Bxe4+ 37. Qxe4 Kf7 38. Qxd5+ Rxd5 39. Rb1 Rd7 40. Rb2 1/2-1/2

[Event "Muensterland Regionalliga 2526"]
[Site "Germany"]
[Date "2026.03.07"]
[Round "7"]
[Board "8"]
[White "Bruening, Rene"]
[Black "Mazur, Oskar"]
[Result "0-1"]
[WhiteElo "1131"]
[BlackElo "1468"]
[WhiteFideId "-1"]
[BlackFideId "-1"]
[PlyCount "46"]
[GameId "2286504855277714"]
[EventDate "2025.??.??"]
[EventType "team-tourn"]
[EventRounds "9"]
[EventCountry "GER"]
[SourceTitle "Verband Muensterland"]
[SourceDate "2025.09.21"]
[SourceVersion "1"]
[SourceVersionDate "2025.09.21"]
[SourceQuality "1"]
[WhiteTeam "Metelen"]
[BlackTeam "Ahaus Wessum"]
[WhiteTeamCountry "GER"]
[BlackTeamCountry "GER"]

1. e4 e5 2. f4 d5 3. exd5 exf4 4. Nf3 Nf6 5. d4 Nxd5 6. Qd3 Be7 7. Bd2 O-O 8. Nc3 Nb4 9. Qe4 f5 10. Bc4+ Kh8 11. Qxf4 Nxc2+ 12. Kd1 Nxa1 13. Nd5 Bd6 14. Ne5 Be6 15. Re1 c6 16. Qf3 Bxd5 17. Bxd5 cxd5 18. Qxd5 Bxe5 19. Qxe5 Nc6 20. Qg3 Qxd4 21. Kc1 Rae8 22. Rxe8 Rxe8 23. Bc3 Qe3+ 0-1

[Event "Muensterland Regionalliga 2526"]
[Site "Germany"]
[Date "2026.03.07"]
[Round "7"]
[Board "1"]
[White "Mueller, Achim"]
[Black "Ottens, Stephan"]
[Result "1-0"]
[WhiteElo "2010"]
[BlackElo "2121"]
[WhiteFideId "-1"]
[BlackFideId "-1"]
[PlyCount "65"]
[GameId "2285157336952913"]
[EventDate "2025.??.??"]
[EventType "team-tourn"]
[EventRounds "9"]
[EventCountry "GER"]
[SourceTitle "Verband Muensterland"]
[SourceDate "2025.09.21"]
[SourceVersion "1"]
[SourceVersionDate "2025.09.21"]
[SourceQuality "1"]
[WhiteTeam "Emsdetten Rochade"]
[BlackTeam "Rheine Klein Berlin"]
[WhiteTeamCountry "GER"]
[BlackTeamCountry "GER"]

{[%evp 0,25,21,17,14,32767,32767,32767,10,12,26,32767,32767,32767,23,27,26,23,32767,32767,8,22,28,30,11,-6,85,115]} 1. e4 c5 2. Nf3 d6 3. d4 cxd4 4. Nxd4 Nf6 5. Nc3 a6 6. Be3 Ng4 7. Bg5 h6 8. Bh4 g5 9. Bg3 Bg7 10. h3 Ne5 11. Nf5 Bxf5 12. exf5 e6 13. fxe6 fxe6 14. Qh5+ Ke7 15. O-O-O Nbc6 16. f4 gxf4 17. Bh4+ Bf6 18. Be2 Kf8 19. Rxd6 Qxd6 20. Bxf6 Rh7 21. Ne4 Qd4 22. Bf3 Rc8 23. Kb1 Qd5 24. Rd1 Qa5 25. Ng5 Nb4 26. Nxe6+ Kg8 27. a3 Nxc2 28. Qxe5 Qxe5 29. Bxe5 Ne3 30. Rd3 Re7 31. Bxf4 Rxe6 32. Bxe3 Rc7 33. Bd5 1-0

[Event "Muensterland Regionalliga 2526"]
[Site "Germany"]
[Date "2026.03.07"]
[Round "7"]
[Board "2"]
[White "Averkamp Peters, Jens"]
[Black "Delere, Adrian"]
[Result "1/2-1/2"]
[WhiteElo "2014"]
[BlackElo "1823"]
[WhiteFideId "-1"]
[BlackFideId "-1"]
[PlyCount "80"]
[GameId "2285158592720989"]
[EventDate "2025.??.??"]
[EventType "team-tourn"]
[EventRounds "9"]
[EventCountry "GER"]
[SourceTitle "Verband Muensterland"]
[SourceDate "2025.09.21"]
[SourceVersion "1"]
[SourceVersionDate "2025.09.21"]
[SourceQuality "1"]
[WhiteTeam "Rheine Klein Berlin"]
[BlackTeam "Emsdetten Rochade"]
[WhiteTeamCountry "GER"]
[BlackTeamCountry "GER"]

{[%evp 0,11,22,10,23,0,0,-34,32767,-7,-4,2,-13,-17]} 1. e4 e5 2. d4 exd4 3. c3 d5 4. exd5 Qxd5 5. Nf3 Bg4 6. Be2 Nc6 7. cxd4 O-O-O 8. Nc3 Qa5 9. Be3 Bb4 10. O-O Bxc3 11. bxc3 Qxc3 12. Rc1 Qa3 13. Rxc6 bxc6 14. Ne5 Be6 15. Qc1 Qa4 16. Nxc6 Rd7 17. Bb5 Qxa2 18. Qc5 Nf6 19. Rc1 Nd5 20. Qc2 Qa3 21. Qc5 Nb4 22. Qxb4 Qxb4 23. Ba6+ Qb7 24. Rb1 Rd6 25. Bxb7+ Kd7 26. Ne5+ Ke7 27. d5 Bf5 28. Re1 f6 29. Nc4 Rd7 30. Bxa7+ Kf7 31. Bc5 Rb8 32. Bc6 Rdd8 33. Re7+ Kg6 34. h3 Rb1+ 35. Kh2 Rc1 36. Be8+ Rxe8 37. Rxe8 Rxc4 38. Bf8 Kf7 39. Rd8 Rd4 40. Bc5 Rc4 1/2-1/2

[Event "Muensterland Regionalliga 2526"]
[Site "Germany"]
[Date "2026.03.07"]
[Round "7"]
[Board "3"]
[White "Ll, David"]
[Black "Bruemmer, Andreas"]
[Result "0-1"]
[WhiteElo "1793"]
[BlackElo "1953"]
[WhiteFideId "-1"]
[BlackFideId "-1"]
[PlyCount "74"]
[GameId "2285160780636264"]
[EventDate "2025.??.??"]
[EventType "team-tourn"]
[EventRounds "9"]
[EventCountry "GER"]
[SourceTitle "Verband Muensterland"]
[SourceDate "2025.09.21"]
[SourceVersion "1"]
[SourceVersionDate "2025.09.21"]
[SourceQuality "1"]
[WhiteTeam "Emsdetten Rochade"]
[BlackTeam "Rheine Klein Berlin"]
[WhiteTeamCountry "GER"]
[BlackTeamCountry "GER"]

{[%evp 0,20,20,13,43,42,45,43,46,34,48,43,35,28,40,37,39,62,60,34,33,-69,-95]} 1. d4 f5 2. c4 Nf6 3. Nf3 g6 4. g3 Bg7 5. Bg2 O-O 6. O-O d6 7. Nc3 Nc6 8. d5 Na5 9. Nd2 c5 10. f4 Ng4 11. Nf3 Nxc4 12. Qd3 Nb6 13. Rd1 c4 14. Qc2 Qc7 15. e3 Qc5 16. Nd4 Nf6 17. Rb1 Bd7 18. b3 cxb3 19. Qxb3 Rfc8 20. Bd2 Nc4 21. Rbc1 Qb6 22. Qc2 Ng4 23. Qd3 Rc7 24. Rb1 Qa6 25. Rdc1 Ncxe3 26. Qxa6 bxa6 27. Ne6 Bxe6 28. dxe6 Rac8 29. Nd5 Rxc1+ 30. Bxc1 Nxd5 31. Bxd5 Bd4+ 32. Kf1 Bb6 33. Bb3 Nxh2+ 34. Kg2 Ng4 35. Bb2 Ne3+ 36. Kf3 Nc4 37. Bc1 d5 0-1

[Event "Muensterland Regionalliga 2526"]
[Site "Germany"]
[Date "2026.03.07"]
[Round "7"]
[Board "4"]
[White "Langhans, Joerg"]
[Black "Nordholt, Uwe"]
[Result "1/2-1/2"]
[WhiteElo "1949"]
[BlackElo "1766"]
[WhiteFideId "-1"]
[BlackFideId "-1"]
[PlyCount "85"]
[GameId "2285154425061421"]
[EventDate "2025.??.??"]
[EventType "team-tourn"]
[EventRounds "9"]
[EventCountry "GER"]
[SourceTitle "Verband Muensterland"]
[SourceDate "2025.09.21"]
[SourceVersion "1"]
[SourceVersionDate "2025.09.21"]
[SourceQuality "1"]
[WhiteTeam "Rheine Klein Berlin"]
[BlackTeam "Emsdetten Rochade"]
[WhiteTeamCountry "GER"]
[BlackTeamCountry "GER"]

{[%evp 0,13,21,23,38,36,21,28,32767,32767,36,41,22,21,13,5]} 1. e4 e6 2. d4 d5 3. Nc3 Nf6 4. Bg5 Be7 5. e5 Nfd7 6. h4 c5 7. Nb5 Qa5+ 8. Qd2 Qxd2+ 9. Kxd2 Na6 10. Nf3 cxd4 11. Rd1 h6 12. Bf4 O-O 13. Nbxd4 Nac5 14. Bd3 Nb6 15. b3 Bd7 16. g4 Nxd3 17. cxd3 Rac8 18. h5 a6 19. Rc1 Ba3 20. Rxc8 Nxc8 21. g5 Kh7 22. Rg1 Ne7 23. Be3 Bb4+ 24. Ke2 Rc8 25. gxh6 gxh6 26. Rc1 Rxc1 27. Bxc1 Nc6 28. Nxc6 Bxc6 29. Nh2 Be7 30. Ng4 Bf8 31. Nf6+ Kg7 32. Ng4 Kh7 33. Nf6+ Kg7 34. Be3 a5 35. Ng4 Kh7 36. Nf6+ Kg7 37. Bd2 a4 38. Ng4 Kh7 39. Nf6+ Kg7 40. b4 a3 41. Ng4 Kh7 42. Nf6+ Kg7 43. Ng4 1/2-1/2

[Event "Muensterland Regionalliga 2526"]
[Site "Germany"]
[Date "2026.03.07"]
[Round "7"]
[Board "5"]
[White "Hemmers, Dieter"]
[Black "Langhanke, Guenther"]
[Result "1/2-1/2"]
[WhiteElo "1778"]
[BlackElo "1868"]
[WhiteFideId "-1"]
[BlackFideId "-1"]
[PlyCount "58"]
[GameId "2285162284384392"]
[EventDate "2025.??.??"]
[EventType "team-tourn"]
[EventRounds "9"]
[EventCountry "GER"]
[SourceTitle "Verband Muensterland"]
[SourceDate "2025.09.21"]
[SourceVersion "1"]
[SourceVersionDate "2025.09.21"]
[SourceQuality "1"]
[WhiteTeam "Emsdetten Rochade"]
[BlackTeam "Rheine Klein Berlin"]
[WhiteTeamCountry "GER"]
[BlackTeamCountry "GER"]

{[%evp 0,7,12,20,31,32767,32767,31,30,22]} 1. e4 c5 2. Nf3 Nc6 3. d4 cxd4 4. Nxd4 e5 5. Nf3 Nf6 6. Bg5 Qa5+ 7. Bd2 Qb6 8. Bd3 Qxb2 9. Nc3 Qb6 10. O-O d6 11. Rb1 Qd8 12. Bg5 Be7 13. Re1 O-O 14. h3 Rb8 15. Bb5 Be6 16. Qd2 Qc7 17. Ba4 a6 18. Bb3 Rfd8 19. Rbd1 Rbc8 20. Re3 Na5 21. Bxf6 Nxb3 22. cxb3 Bxf6 23. Rd3 Be7 24. Ng5 Bxg5 25. Qxg5 f6 26. Qe3 b5 27. Qd2 Kf7 28. Kh2 Rd7 29. Kg1 Rcd8 1/2-1/2

[Event "Muensterland Regionalliga 2526"]
[Site "Germany"]
[Date "2026.03.07"]
[Round "7"]
[Board "6"]
[White "Ratert, Matthias"]
[Black "Hussein, Zaman"]
[Result "1-0"]
[WhiteElo "1864"]
[BlackElo "1746"]
[WhiteFideId "-1"]
[BlackFideId "-1"]
[PlyCount "99"]
[GameId "2285163830562965"]
[EventDate "2025.??.??"]
[EventType "team-tourn"]
[EventRounds "9"]
[EventCountry "GER"]
[SourceTitle "Verband Muensterland"]
[SourceDate "2025.09.21"]
[SourceVersion "1"]
[SourceVersionDate "2025.09.21"]
[SourceQuality "1"]
[WhiteTeam "Rheine Klein Berlin"]
[BlackTeam "Emsdetten Rochade"]
[WhiteTeamCountry "GER"]
[BlackTeamCountry "GER"]

{[%evp 0,7,15,7,29,32767,32767,38,54,50]} 1. e4 c5 2. c3 d6 3. d4 cxd4 4. cxd4 e6 5. Nc3 Nf6 6. Bd3 Be7 7. Nge2 Nc6 8. O-O O-O 9. h3 a6 10. Be3 Nb4 11. Bb1 Nc6 12. f4 b5 13. Qc2 Nb4 14. Qb3 Nc6 15. e5 dxe5 16. dxe5 Nd7 17. Nxb5 Ncxe5 18. Nbd4 Ng6 19. Nc6 Qe8 20. Be4 Nc5 21. Nxe7+ Qxe7 22. Bxc5 Qxc5+ 23. Kh1 Ra7 24. Rac1 Qh5 25. Qe3 Re7 26. Rc5 Qh4 27. Qf3 Qf6 28. Rfc1 Bd7 29. R1c2 Bb5 30. Nc3 Bd7 31. g3 Rd8 32. Bb7 Qd4 33. Ne4 Ba4 34. Rd2 Qxd2 35. Nxd2 Rxd2 36. Rc8+ Nf8 37. Bxa6 Rd1+ 38. Kg2 Rd2+ 39. Kg1 Ra7 40. Rxf8+ Kxf8 41. Qa3+ Kg8 42. Qxa4 g6 43. Qc4 Rad7 44. Qc3 Rd8 45. a4 h5 46. Bc4 Kh7 47. a5 f5 48. b3 Rd1+ 49. Bf1 Rb1 50. Qc7+ 1-0

[Event "Muensterland Regionalliga 2526"]
[Site "Germany"]
[Date "2026.03.07"]
[Round "7"]
[Board "7"]
[White "Wehmeier, Sven"]
[Black "Van Dijk, Guido"]
[Result "1/2-1/2"]
[WhiteElo "1802"]
[BlackElo "1816"]
[WhiteFideId "-1"]
[BlackFideId "-1"]
[PlyCount "95"]
[GameId "2285166193123486"]
[EventDate "2025.??.??"]
[EventType "team-tourn"]
[EventRounds "9"]
[EventCountry "GER"]
[SourceTitle "Verband Muensterland"]
[SourceDate "2025.09.21"]
[SourceVersion "1"]
[SourceVersionDate "2025.09.21"]
[SourceQuality "1"]
[WhiteTeam "Emsdetten Rochade"]
[BlackTeam "Rheine Klein Berlin"]
[WhiteTeamCountry "GER"]
[BlackTeamCountry "GER"]

{[%evp 0,17,21,4,35,27,29,35,24,20,35,39,28,40,33,17,31,34,44,42]} 1. e4 c6 2. d4 d5 3. Nc3 dxe4 4. Nxe4 Nd7 5. Nf3 Ngf6 6. Nxf6+ Nxf6 7. g3 Bg4 8. Bg2 e6 9. O-O Bd6 10. h3 Bh5 11. c4 O-O 12. Qb3 Bxf3 13. Qxf3 Nd7 14. Rd1 Qc7 15. a3 a5 16. Be3 Rfc8 17. Rac1 Be7 18. d5 c5 19. dxe6 fxe6 20. Qxb7 Rab8 21. Qxc7 Rxc7 22. Rb1 Rb3 23. Be4 Bf6 24. Bc1 Bd4 25. Kg2 Ne5 26. Bc2 Rf3 27. Rxd4 cxd4 28. Bf4 Rxf4 29. gxf4 Nxc4 30. Bb3 d3 31. f5 Kf8 32. Rd1 a4 33. Bxc4 Rxc4 34. Rxd3 exf5 35. b3 axb3 36. Rxb3 Ke7 37. Rb7+ Kf6 38. Ra7 h5 39. a4 Ke5 40. a5 Ra4 41. a6 Kf4 42. Rxg7 Rxa6 43. h4 Rh6 44. Rg5 Rh7 45. Kf1 Rh6 46. Ke2 Ke4 47. Kd2 Rd6+ 48. Ke2 1/2-1/2

[Event "Muensterland Regionalliga 2526"]
[Site "Germany"]
[Date "2026.03.07"]
[Round "7"]
[Board "8"]
[White "Germann, Norbert"]
[Black "Noering, Andreas"]
[Result "1/2-1/2"]
[WhiteElo "1777"]
[BlackElo "1793"]
[WhiteFideId "-1"]
[BlackFideId "-1"]
[PlyCount "54"]
[GameId "2285168078012583"]
[EventDate "2025.??.??"]
[EventType "team-tourn"]
[EventRounds "9"]
[EventCountry "GER"]
[SourceTitle "Verband Muensterland"]
[SourceDate "2025.09.21"]
[SourceVersion "1"]
[SourceVersionDate "2025.09.21"]
[SourceQuality "1"]
[WhiteTeam "Rheine Klein Berlin"]
[BlackTeam "Emsdetten Rochade"]
[WhiteTeamCountry "GER"]
[BlackTeamCountry "GER"]

{[%evp 0,18,20,16,41,32767,42,46,32767,32767,48,46,42,32767,41,54,60,32767,75,82,77]} 1. d4 f5 2. g3 Nf6 3. Bg2 g6 4. Nf3 Bg7 5. O-O O-O 6. b4 d6 7. Bb2 c6 8. c4 Na6 9. Qb3 Nc7 10. Nbd2 h6 11. Rfc1 Be6 12. Qc2 Qe8 13. a4 Rc8 14. Ne1 Bf7 15. Nd3 Nd7 16. c5 d5 17. Nf3 Ne6 18. e3 Ng5 19. Nfe5 Nxe5 20. Nxe5 Bxe5 21. dxe5 Ne6 22. Qd3 Qd7 23. Rd1 Qc7 24. a5 a6 25. h3 Ng7 26. g4 e6 27. f4 Qe7 1/2-1/2

[Event "Muensterland Regionalliga 2526"]
[Site "Germany"]
[Date "2026.03.28"]
[Round "8"]
[Board "1"]
[White "Schroer, Klaus"]
[Black "Ottens, Stephan"]
[Result "0-1"]
[WhiteElo "2095"]
[BlackElo "2121"]
[WhiteFideId "-1"]
[BlackFideId "-1"]
[PlyCount "129"]
[GameId "559822115219"]
[EventDate "2025.??.??"]
[EventType "team-tourn"]
[EventRounds "9"]
[EventCountry "GER"]
[SourceTitle "Verband Muensterland"]
[SourceDate "2025.09.21"]
[SourceVersion "1"]
[SourceVersionDate "2025.09.21"]
[SourceQuality "1"]
[WhiteTeam "Borken"]
[BlackTeam "Rheine Klein Berlin"]
[WhiteTeamCountry "GER"]
[BlackTeamCountry "GER"]

1. b3 e5 2. Bb2 Nc6 3. e3 d6 4. Nf3 Nf6 5. d4 exd4 6. Nxd4 Nxd4 7. Qxd4 c5 8. Qf4 Be7 9. Bb5+ Bd7 10. Bxd7+ Qxd7 11. O-O d5 12. Rd1 Qe6 13. Qa4+ Qc6 14. Nc3 Qxa4 15. Nxa4 O-O-O 16. Rd3 Kc7 17. Rad1 Kc6 18. Be5 Rd7 19. Nc3 Rhd8 20. a4 b6 21. Ne2 g6 22. Kf1 Ne8 23. c4 dxc4 24. Rxd7 Rxd7 25. Rxd7 Kxd7 26. bxc4 Bf6 27. Bxf6 Nxf6 28. Nc3 Ng4 29. Ne4 Nxh2+ 30. Ke2 Ng4 31. f4 f5 32. Ng5 h6 33. Nf3 Ke6 34. Nh4 Kf6 35. Nf3 g5 36. Kd2 Nf2 37. Ne5 Ne4+ 38. Kd3 h5 39. Nc6 g4 40. Ne5 h4 41. Nxg4+ fxg4 42. Kxe4 Ke6 43. Kd3 Kf5 44. Ke2 Ke4 45. Kf2 a6 46. Kf1 g3 47. Ke2 a5 48. Kf1 b5 49. axb5 a4 50. b6 a3 51. b7 a2 52. b8=Q a1=Q+ 53. Ke2 Qa2+ 54. Kd1 Qxc4 55. Qe5+ Kd3 56. Qd6+ Kxe3 57. Qe7+ Kf2 58. Qxh4 Qd3+ 59. Kc1 Kxg2 60. Qe7 c4 61. f5 Qf1+ 62. Kd2 Qxf5 63. Kc3 Qd3+ 64. Kb4 c3 65. Qb7+ 0-1

[Event "Muensterland Regionalliga 2526"]
[Site "Germany"]
[Date "2026.03.28"]
[Round "8"]
[Board "2"]
[White "Averkamp Peters, Jens"]
[Black "Schulze Schwering, Philipp"]
[Result "1/2-1/2"]
[WhiteElo "2014"]
[BlackElo "2018"]
[WhiteFideId "-1"]
[BlackFideId "-1"]
[PlyCount "35"]
[GameId "559822897231"]
[EventDate "2025.??.??"]
[EventType "team-tourn"]
[EventRounds "9"]
[EventCountry "GER"]
[SourceTitle "Verband Muensterland"]
[SourceDate "2025.09.21"]
[SourceVersion "1"]
[SourceVersionDate "2025.09.21"]
[SourceQuality "1"]
[WhiteTeam "Rheine Klein Berlin"]
[BlackTeam "Borken"]
[WhiteTeamCountry "GER"]
[BlackTeamCountry "GER"]

1. e4 e5 2. d4 exd4 3. Nf3 Nc6 4. c3 d5 5. exd5 Qxd5 6. cxd4 Bb4+ 7. Nc3 Bg4 8. Be2 Bxf3 9. Bxf3 Qc4 10. Bxc6+ bxc6 11. Qe2+ Qxe2+ 12. Kxe2 O-O-O 13. Rd1 Ne7 14. Be3 Rhe8 15. g4 Nd5 16. Nxd5 cxd5 17. a3 Bd6 18. Kd3 1/2-1/2

[Event "Muensterland Regionalliga 2526"]
[Site "Germany"]
[Date "2026.03.28"]
[Round "8"]
[Board "3"]
[White "Beckmann, David"]
[Black "Bruemmer, Andreas"]
[Result "1-0"]
[WhiteElo "2029"]
[BlackElo "1953"]
[WhiteFideId "-1"]
[BlackFideId "-1"]
[PlyCount "81"]
[GameId "559823092026"]
[EventDate "2025.??.??"]
[EventType "team-tourn"]
[EventRounds "9"]
[EventCountry "GER"]
[SourceTitle "Verband Muensterland"]
[SourceDate "2025.09.21"]
[SourceVersion "1"]
[SourceVersionDate "2025.09.21"]
[SourceQuality "1"]
[WhiteTeam "Borken"]
[BlackTeam "Rheine Klein Berlin"]
[WhiteTeamCountry "GER"]
[BlackTeamCountry "GER"]

1. d4 f5 2. Nf3 Nf6 3. g3 g6 4. Bg2 Bg7 5. O-O O-O 6. c4 d6 7. Nc3 Nc6 8. b3 e5 9. dxe5 dxe5 10. Ba3 Re8 11. Qxd8 Rxd8 12. Rad1 Rxd1 13. Rxd1 e4 14. Ne1 Be6 15. Nb5 Ne8 16. e3 a6 17. Nd4 Rd8 18. Nec2 Ne5 19. Kf1 Nf6 20. Ke2 Bf7 21. Nxf5 Rxd1 22. Ne7+ Kf8 23. Nd5+ Ke8 24. Nxf6+ Bxf6 25. Kxd1 Ng4 26. Ke2 Nxh2 27. Bxe4 c6 28. f3 g5 29. Bxh7 g4 30. f4 Be6 31. Be4 a5 32. Kf2 a4 33. Nd4 axb3 34. axb3 Bxd4 35. exd4 Nf3 36. Bxf3 gxf3 37. Kxf3 b5 38. cxb5 Bd5+ 39. Kg4 cxb5 40. b4 Kf7 41. Kg5 1-0